O mestre e margarita / (Record no. 82)

MARC details
000 -LÍDER
campo de controle de tamanho fixo 02559nam a2200337 4500
001 - NÚMERO DE CONTROLE
campo de controle 82
003 - IDENTIFICADOR DO NÚMERO DE CONTROLE
campo de controle OSt
005 - DATA E HORÁRIO DA ÚLTIMA TRANSAÇÃO
campo de controle 20250528074011.0
008 - CAMPO DE DADOS FIXOS--INFORMAÇÃO GERAL
campo de controle de tamanho fixo 250123b |||||||e |||| 00| 1 eng d
040 ## - FONTE DA CATALOGAÇÃO
Idioma da catalogação por
041 ## - CÓDIGO DE IDIOMA
Código do idioma do original e/ou traduções intermediárias do texto rus
Código do idioma do texto/trilha sonora ou título diferente por
082 ## - CDD - CLASSIFICAÇÃO DECIMAL DE DEWEY
Número de Classificação 891.73
Número do exemplar B933m
100 1# - ENTRADA PRINCIPAL--NOME PESSOAL
Nome pessoal Bulgakov, Mikhail Afanassievitch,
Datas associadas ao nome 1891-1940
9 (RLIN) 194
240 ## - TÍTULO UNIFORME
Título uniforme Мастер и Маргарита
245 ## - TÍTULO
Título O mestre e margarita /
Indicação de responsabilidade, etc. Bulgakov, Mikhail ; Tradução de Mario Salviano Silva
260 ## - PUBLICAÇÃO, DISTRIBUIÇÃO, ETC.
Local de publicação, distribuição, etc. São Paulo
Nome do editor, distribuidor, etc. Abril
Data da publicação, distribuição, etc. 1985
300 ## - DESCRIÇÃO FÍSICA
Extensão 337 p.
490 1# - TÍTULO DA SÉRIE
Título da série Grandes Romancistas
520 ## - NOTA DE RESUMO, ETC.
Resumo, etc. O mestre e Margarida é um romance revolucionário. É uma obra com um estilo absolutamente original, sobre a liberdade da escrita e a força do amor em tempos adversos. É também uma sátira devastadora da vida sob o regime soviético, da censura e da repressão. Um dos livros mais importantes e cultuados do século XX.<br/><br/>Em uma tarde de primavera, Satanás e seu séquito diabólico decidem visitar Moscou. Encontram poetas, editores, burocratas e todo tipo de pessoas tentando levar a vida em pleno regime comunista. Depois dessa visita, nada será como antes; o rastro de destruição e loucura mudará o destino de quem cruzar seu caminho.<br/><br/>Da mesma forma, a publicação de O mestre e Margarida pela revista soviética Moskva, entre novembro de 1966 e janeiro de 1967, mudou para sempre os rumos da literatura russa. Mikhail Bulgakov havia morrido 26 anos antes. Era conhecido por suas peças teatrais de sucesso – polêmicas por sua visão crítica do regime –, além de contos, novelas e um romance. Quase ninguém suspeitava que, entre seu material inédito, estava sua obra máxima.<br/><br/>Bulgakov levou cerca de dez anos para terminá-la, sabendo dos problemas que teria com a censura – chegou, inclusive, a queimar uma versão inicial. Apenas seu círculo mais íntimo de conhecidos sabia da existência do romance e, também, da impossibilidade de lançá-lo durante o regime stalinista. Apesar disso, o livro sobreviveu por mais de duas décadas e tornou-se um fenômeno. Acabou, assim, por confirmar uma frase dita na história pelo próprio diabo, e que na Rússia se tornou proverbial: "Manuscritos não ardem".
650 #0 - ASSUNTO--TERMO TÓPICO
Cabeçalho tópico ou nome geográfico Literatura Russa
9 (RLIN) 195
650 #0 - ASSUNTO--TERMO TÓPICO
Cabeçalho tópico ou nome geográfico Histórico
9 (RLIN) 53
650 #0 - ASSUNTO--TERMO TÓPICO
Cabeçalho tópico ou nome geográfico Politica
9 (RLIN) 138
650 #0 - ASSUNTO--TERMO TÓPICO
Cabeçalho tópico ou nome geográfico Clássicos
9 (RLIN) 77
650 #0 - ASSUNTO--TERMO TÓPICO
Cabeçalho tópico ou nome geográfico Sombrio
9 (RLIN) 178
650 #0 - ASSUNTO--TERMO TÓPICO
Cabeçalho tópico ou nome geográfico Filme
9 (RLIN) 26
655 #0 - TERMO DE ÍNDICE--GÊNERO E FORMA
Gênero/forma/ou termo foco Romance
655 #0 - TERMO DE ÍNDICE--GÊNERO E FORMA
Gênero/forma/ou termo foco Ficção
700 ## - ENTRADA ADICIONADA - NOME PESSOAL
Nome pessoal Mario Salviano Silva
Função do autor por extenso Tradutor
9 (RLIN) 196
830 ## - ENTRADA SECUNDÁRIA DE SÉRIE--TÍTULO UNIFORME
Título uniforme Grandes Romancistas
9 (RLIN) 126
942 ## - ELEMENTOS DE ENTRADA ADICIONADOS (KOHA)
Fonte de classificação ou esquema de arquivamento Classificação decimal de Dewey
Ocultar no OPAC Não
Tipo de material Koha Livros
Holdings
Situação do descarte Situação das perdas Fonte de classificação ou esquema de arquivamento Status danificado Não pode ser emprestado Coleção Biblioteca de origem Biblioteca atual Localização na estante Data de aquisição Fonte de aquisição Total de empréstimos Número de chamada completo Código de barras Data de último acesso Data do preço efetivo Tipo de material Koha
    Classificação decimal de Dewey     Ficção Biblioteca Professor Eduardo Afonso de Castro Biblioteca Professor Eduardo Afonso de Castro Literatura Estrangeira 29.03.2001 doação   891.73 / B933m 2025-11606 23.01.2025 23.01.2025 Livros

Powered by Koha